Nonsense Words #5 - Statistics

General Stats
  • This quiz has been taken 268 times
  • The average score is 7 of 13
Answer Stats
Answer % Correct
Cannabiscuits
86%
Aardvarkansas
79%
Elevatorpedos
71%
Istanbulletin
65%
Pathogenerous
63%
Talismanicure
63%
Horrifictions
62%
Specimenacing
59%
Assassinister
57%
Argumentangle
56%
Abnormaladies
32%
Bechameltdown
29%
Cucumbergamot
21%
No matching quizzes found
Score Distribution
Percent of People with Each Score
Percentile by Number Answered
Your Score History
You have not taken this quiz